[Event "1st Cyprus Chess Tournament 2019"]
[Site "Larnaca"]
[Date "2019.10.26"]
[Round "2.9"]
[White "Karagiannis, Kosmas"]
[Black "Kayumov, Dmitry D"]
[Result "1/2-1/2"]
[WhiteElo "1879"]
[BlackElo "2402"]
[Annotator "TA"]
[PlyCount "109"]
[EventDate "2019.10.25"]
[EventType "swiss"]
[EventCountry "CYP"]
[SourceTitle "playchess.com"]
[Source "ChessBase"]
[SourceQuality "1"]

{[%evp 11,109,0,1,-4,-14,-15,-12,-20,-20,-18,-27,-57,-24,-42,-42,-47,10,22,25,-56,-64,-56,-46,-51,-51,-43,-47,-73,-74,-60,-48,-59,-59,-56,-56,-79,-91,-82,-68,-56,-37,-46,-42,-58,-35,-66,0,0,0,-62,-50,-104,-63,-63,-63,-152,-119,-141,-99,-88,-98,-90,0,-68,-68,-71,-64,-69,-68,-68,-68,-68,-68,-68,-68,-88,-78,-111,-67,-111,-76,-111,-67,-113,-27,-27,0,0,0,0,0,0,0,0,0,0,0,0,0,0]} 1. e4 e5 2. Nf3 Nc6 3. Bc4 Bc5 4. c3 Nf6 5. d3 O-O 6. b4 Be7 7. O-O {C54: Giuoco Piano: 4 c3 Nf6, main lines with 5 d4 and 5 d3} (7. Nbd2 d5 8. Bb3 Be6 9. O-O dxe4 10. dxe4 Bxb3 11. Qxb3 Qd3 12. Re1 b5 13. a4 a6 14. Nf1 h6 {½-½ (53) Ganguly,S (2615)-So,W (2765) Kolkata 2018}) 7... d5 8. exd5 Nxd5 9. b5 Na5 10. Nxe5 Bf6 11. Qe2 Be6 $146 ({Predecessor:} 11... Re8 12. f4 Nxc4 13. dxc4 Nxf4 14. Bxf4 Bxe5 15. Bxe5 Qg5 16. Bf4 {½-½ (52) Huettl,S (1670)-Claeys,R (1580) Blankenberge 2015}) 12. Bb3 Nxb3 13. axb3 Nxc3 ({Black should try} 13... Re8 $15) 14. Nxc3 $11 {Threatens to win with Qe4.} Qd4 {[%mdl 64] Double Attack} 15. Ne4 (15. Nc4 $11 Qxc3 16. Bb2 Qxb3 17. Bxf6 gxf6 18. Rfb1) 15... Bxe5 $15 (15... Qxa1 $2 {is the wrong capture.} 16. Nxf6+ gxf6 17. Bb2 $18) 16. Ra4 Qd5 17. d4 Bd6 $1 18. Nxd6 cxd6 19. Qc4 Qf5 20. Qb4 Rfc8 21. Be3 Bd7 22. Rfa1 Bxb5 23. Ra5 a6 24. Qxd6 Qd3 25. b4 Rc6 26. Qe5 {Strongly threatening Rxb5!} Rac8 {( -> ...Rc1+!)} 27. h3 Re6 $36 {[%mdl 2048] Black has the initiative.} 28. Qf4 Rg6 (28... Qb3 $15) 29. R5a3 $11 Qe2 {[#]} 30. R3a2 ({Better is} 30. Rc3 $1 $11 {[%mdl 512]} Re8 (30... Rxc3 31. Qb8+) 31. Rc5) 30... Qh5 $1 $15 31. Rc1 (31. Kh2 $15) 31... Qxh3 {[%csl Gh3][%cal Rg6g2]} 32. Rxc8+ Qxc8 {[#]} 33. Ra1 (33. Rc2 $1 $15 {[%mdl 512]} Rc6 (33... Qxc2 34. Qb8+) 34. Rc5) 33... h6 {...Bc6 is the strong threat.} 34. Rc1 Qh3 {[%csl Gh3][%cal Rg6g2]} 35. Qe4 Qd7 {And now ...Bc6 would win.} 36. Rc5 Rg4 (36... Rd6 $17 37. f3 Bc6) 37. Qf5 (37. Qc2 $1 $11 Rg6 38. Qf5) 37... Qxf5 38. Rxf5 {[%mdl 4096] Endgame KRB-KRB} Rg6 39. Rc5 Rd6 40. Rc8+ Kh7 41. Rc7 Rd7 42. Rxd7 Bxd7 {KB-KB} 43. Kf1 g5 44. Ke2 f5 45. g3 Kg6 46. f4 g4 47. Kd3 Bb5+ (47... Be6 $17 48. d5 Bxd5) 48. Kc3 $11 Kf6 49. d5 {The position is equal.} Ke7 50. Bc5+ Kd7 51. Kd4 h5 52. Ke5 Bd3 53. Bf2 Be4 54. Bc5 Bc2 55. Bf2 {Accuracy: White = 37%, Black = 47%.} 1/2-1/2

[Event "1st Cyprus Chess Tournament 2019"]
[Site "Larnaca"]
[Date "2019.10.26"]
[Round "2.10"]
[White "Ivanov, Mikhail M"]
[Black "Antel, Umit"]
[Result "1-0"]
[WhiteElo "2342"]
[BlackElo "1836"]
[Annotator "TA"]
[PlyCount "117"]
[EventDate "2019.10.25"]
[EventType "swiss"]
[EventCountry "CYP"]
[SourceTitle "playchess.com"]
[Source "ChessBase"]
[SourceQuality "1"]

{[%evp 9,117,27,22,14,15,6,10,-7,9,19,16,22,25,0,0,0,1,0,2,-25,-18,-19,-10,-20,-8,-19,0,-5,37,27,116,116,104,105,129,128,154,148,156,136,135,109,114,107,100,104,100,118,108,108,216,102,119,118,118,118,117,111,158,158,193,193,192,189,194,166,223,223,229,230,216,160,215,187,206,204,234,204,227,239,535,529,494,504,581,568,1097,779,750,750,988,944,985,984,859,802,1784,1724,29981,29982,29983,29984,29984,29984,29986,29985,29985,29986,29989,29990]} 1. c4 Nf6 2. g3 c6 3. b3 d5 4. Bb2 g6 5. Nf3 Bg7 6. d3 {A11: English Opening: 1...c6} (6. Bg2 O-O 7. O-O Nbd7 8. d4 b5 9. c5 Ne4 10. Qc2 Qc7 11. Nc3 f5 12. a4 b4 13. Nxe4 fxe4 14. Ng5 Nf6 15. f3 h6 16. Nh3 {½-½ (59) Vitiugov,N (2728)-Sarana,A (2655) Izhevsk 2019}) 6... Qb6 7. Qc1 $146 (7. Nbd2 {seems wilder.} Ne4 8. dxe4 Bxb2 9. Rb1 dxe4 10. Rxb2 exf3 11. Nxf3 Na6 12. Bg2) ({Predecessor:} 7. Bd4 Qa5+ 8. Nbd2 dxc4 9. bxc4 O-O 10. Bg2 Na6 11. Qc1 {1-0 (35) Mercier,J (2215)-Magrabi,F Urcuit 1989}) 7... O-O 8. Bg2 {The position is equal.} Nbd7 9. O-O Re8 10. cxd5 cxd5 11. Ne5 Nxe5 12. Bxe5 Bg4 13. Qb2 Qe6 14. Na3 Bh3 15. Rac1 Bxg2 16. Kxg2 a6 17. Rc7 Rab8 18. Rfc1 Bh6 19. e3 Red8 {[#]} (19... Nd7 $11 20. Bd4 Nf8) 20. Rxe7 $1 $16 {[%mdl 64] Remove Defender} Qxe7 21. Bxf6 Qd6 22. Be5 Qe7 23. Bxb8 Rxb8 24. Nc2 Bg7 25. d4 Bf8 26. Ne1 Qe4+ 27. Kg1 Bd6 28. Qe2 Re8 29. Qf3 Kf8 (29... Kg7 $16 {keeps fighting.}) 30. h4 (30. Qf6 $18 {and the rest is easy.} Qe6 31. Qh8+ Ke7 32. Qxh7) 30... Ke7 31. Qxe4+ dxe4 {[%mdl 4096] Endgame [#] KRB-KRN} 32. Ng2 $1 Kd7 33. Nf4 Bxf4 34. gxf4 {KR-KR} ({Inferior is} 34. exf4 Re6 $11) 34... b6 35. f3 f5 36. fxe4 fxe4 37. Kf2 Re6 (37... Rf8 $142 38. h5 g5) 38. b4 $18 Rd6 39. a4 Rd5 40. Ra1 Rh5 (40... Rd6 $16 41. Kg3 Rc6) 41. Kg3 Rf5 42. Rh1 Rh5 43. Rb1 Rf5 44. b5 a5 $2 (44... Kc7 45. bxa6 Ra5) 45. Rc1 Rf6 46. Kg4 h6 47. h5 Rd6 48. hxg6 Rxg6+ {[#]} 49. Kf5 $1 {[%mdl 64] Double Attack} Rg2 50. Kxe4 Ra2 51. Rc4 h5 52. Ke5 h4 53. d5 h3 54. d6 {White mates.} h2 55. Rc7+ Kd8 56. Rh7 Rxa4 57. Rxh2 Rb4 58. f5 a4 59. f6 {Accuracy: White = 70%, Black = 32%.} 1-0

[Event "1st Cyprus Chess Tournament 2019"]
[Site "Larnaca"]
[Date "2019.10.26"]
[Round "2.11"]
[White "Serbulent, Huseyin"]
[Black "Cherkasov, Nikolai"]
[Result "0-1"]
[WhiteElo "1818"]
[BlackElo "2338"]
[Annotator "TA"]
[PlyCount "48"]
[EventDate "2019.10.25"]
[EventType "swiss"]
[EventCountry "CYP"]
[SourceTitle "playchess.com"]
[Source "ChessBase"]
[SourceQuality "1"]

{[%evp 17,66,14,16,-31,10,12,22,15,97,99,93,-52,-37,-66,3,35,54,27,39,29,97,70,87,0,34,-208,-172,-172,-163,-198,-143,-137,-95,-250,-247,-403,-403,-1143,-604,-791,-513,-1256,-1154,-29977,-1033,-6395,-5331,-29990,-29991,-29991,-29991]} 1. e4 c5 2. Nf3 d6 3. d4 cxd4 4. Nxd4 Nf6 5. Nc3 Nc6 6. Bc4 e6 7. Be3 Be7 8. Qe2 a6 9. O-O-O Qc7 10. f4 {B89: Sicilian: Velimirovic Attack} (10. Bb3 O-O 11. g4 Nxd4 12. Rxd4 b5 13. g5 Nd7 14. Rg1 Re8 15. Rg3 Bb7 16. Rh3 g6 17. f4 Nc5 18. f5 Nxb3+ 19. axb3 exf5 20. Qf2 b4 21. Nd5 Bxd5 22. Rxd5 {1-0 (50) Aronian,L (2764)-Grischuk,A (2766) Leuven 2018}) 10... Na5 11. Bd3 b5 $1 12. g4 {The position is equal.} Bb7 (12... Nd7 $11 {remains equal.}) 13. g5 $16 {[#] Strongly threatening f5.} Nd7 14. Qh5 $146 (14. f5 $16) ({Predecessor:} 14. f5 e5 15. Nb3 Nxb3+ 16. axb3 b4 17. Na4 Qa5 18. f6 gxf6 19. gxf6 Bxf6 {1-0 (57) Cepo,T (2127)-Landenberger,M (2151) Baden 2010}) 14... g6 $15 15. Qh3 Nc5 ({Better is} 15... b4 $1 $15 16. Na4 Nc5 17. Nxc5 dxc5) 16. a3 $11 Nxd3+ 17. cxd3 e5 18. Nc2 Rc8 (18... d5 $11 19. fxe5 dxe4 20. dxe4 O-O) 19. Kb1 $16 Nb3 20. Ka2 (20. Rhf1 $16) 20... d5 21. Kxb3 $2 (21. fxe5 $1 $14 {was the only good move.} dxe4 22. dxe4) 21... dxe4 $19 22. Nb4 exd3 23. Nxd3 Qc4+ 24. Kc2 Bxh1 {Played: Bb7-e4} 0-1

[Event "1st Cyprus Chess Tournament 2019"]
[Site "Larnaca"]
[Date "2019.10.26"]
[Round "2.12"]
[White "Terentiev, Sergei"]
[Black "Georgiou, Andreas"]
[Result "1-0"]
[WhiteElo "2285"]
[BlackElo "1797"]
[Annotator "TA"]
[PlyCount "61"]
[EventDate "2019.10.25"]
[EventType "swiss"]
[EventCountry "CYP"]
[SourceTitle "playchess.com"]
[Source "ChessBase"]
[SourceQuality "1"]

{[%evp 9,61,16,25,22,29,-53,-53,-42,-49,-56,-32,-42,-37,-52,-50,-42,-35,-40,-35,-36,114,126,148,142,158,146,134,136,135,153,218,224,260,202,179,189,281,287,372,355,517,470,1043,1043,853,689,1317,1284,1309,1296,29995,29984,29996,375]} 1. c4 e5 2. g3 Nc6 3. Bg2 Bc5 4. Nc3 a6 5. a3 d6 6. b4 {A25: English Opening vs King's Indian with ...Nc6 but without early d3} (6. d3 Nf6 7. Nf3 h6 8. O-O O-O 9. b4 Ba7 10. e3 Be6 11. Bb2 Qd7 12. Rc1 Ne7 13. d4 exd4 14. Nxd4 Bxc4 15. Ne4 Nxe4 16. Rxc4 d5 17. Bxe4 dxc4 {1-0 (31) Navara,D (2734)-Fedorchuk,S (2633) Riga 2019}) 6... Ba7 7. b5 (7. e3 $11) 7... axb5 $15 8. cxb5 {Black is slightly better.} Na5 $146 ({Predecessor:} 8... Nce7 9. e3 Bb6 10. Nge2 Nh6 11. d4 f6 12. Qb3 {1-0 (43) Jensen,A (1955)-Saether,S (1553) Fredrikstad 2003}) 9. Nf3 Be6 {...Bb3 is the strong threat.} 10. Rb1 Nf6 11. O-O h6 12. d3 O-O 13. Bd2 Bc5 14. Na4 Bxa3 (14... e4 $15 {stays ahead.} 15. Ne1 (15. Nxc5 dxc5 16. Ne1 Ba2 $15) 15... Re8) 15. Ra1 $16 Bb3 16. Qb1 Bxa4 17. Rxa3 Nb3 18. Rxb3 Bxb3 19. Qxb3 Nd7 (19... c6 $16 {was called for.} 20. Nh4 Qd7) 20. Be3 c5 21. bxc6 bxc6 22. Rc1 Qc7 (22... Rb8 $142 23. Qc2 c5) 23. Nh4 $18 Rab8 24. Qc4 c5 (24... Nf6 $142 25. Nf5 Qd7) 25. Nf5 Nb6 {[#]} (25... g6 $142 26. Qg4 Nf6) 26. Qg4 $1 {[%csl Gf5][%cal Rg4g7]} f6 27. Nxh6+ Kh7 28. Be4+ Kh8 29. Nf5 {Threatening mate with Qh5+.} d5 30. Qh5+ Kg8 {[#]} 31. Ne7+ $1 {[%mdl 512] Accuracy: White = 64%, Black = 37%.} 1-0

[Event "1st Cyprus Chess Tournament 2019"]
[Site "Larnaca"]
[Date "2019.10.27"]
[Round "3.1"]
[White "Sumets, Andrey"]
[Black "Ivanov, Mikhail M"]
[Result "1/2-1/2"]
[WhiteElo "2570"]
[BlackElo "2342"]
[Annotator "ChessBase"]
[PlyCount "134"]
[EventDate "2019.10.25"]
[EventType "swiss"]
[EventCountry "CYP"]
[SourceTitle "playchess.com"]
[Source "ChessBase"]
[SourceQuality "1"]
[TimeControl "5400+30"]

1. d4 {[%emt 0:00:00]} d6 {[%emt 0:05:12]} 2. e4 {[%emt 0:00:09]} e5 {[%emt 0:00:05]} 3. Nf3 {[%emt 0:00:39]} exd4 {[%emt 0:00:17]} 4. Nxd4 {[%emt 0:00:13]} Nf6 {[%emt 0:00:06]} 5. Nc3 {[%emt 0:00:02]} Be7 {[%emt 0:00:05]} 6. g3 {[%emt 0:00:09]} Nc6 {[%emt 0:04:54]} 7. Bg2 {[%emt 0:04:45]} Nxd4 {[%emt 0:00:57]} 8. Qxd4 {[%emt 0:00:06]} O-O {[%emt 0:00:05]} 9. O-O {[%emt 0:00:08]} Be6 {[%emt 0:04:05]} 10. h3 {[%emt 0:00:28]} c6 {[%emt 0:01:37]} 11. Be3 {[%emt 0:05:30]} Nd7 {[%emt 0:12:12]} 12. f4 {[%emt 0:09:59]} f5 {[%emt 0:01:08]} 13. exf5 {[%emt 0:00:44]} Bxf5 {[%emt 0:00:05]} 14. Qd2 {[%emt 0:00:18]} Nb6 {[%emt 0:05:55]} 15. b3 {[%emt 0:01:50]} d5 {[%emt 0:00:42]} 16. g4 {[%emt 0:01:36]} Be6 {[%emt 0:03:16]} 17. Rad1 {[%emt 0:05:38]} Kh8 {[%emt 0:07:00]} 18. f5 {[%emt 0:07:34]} Bf7 {[%emt 0:00:29]} 19. Qf2 {[%emt 0:06:21]} Bh4 {[%emt 0:03:11]} 20. Qf4 {[%emt 0:01:14]} Qb8 {[%emt 0:00:36]} 21. Qb4 {[%emt 0:16:01]} Qe8 {[%emt 0:15:49]} 22. Bc5 {[%emt 0:06:54]} Rg8 {[%emt 0:00:19]} 23. Rd2 {[%emt 0:01:56]} Nd7 {[%emt 0:10:17]} 24. Re2 {[%emt 0:01:36]} Qc8 {[%emt 0:00:10]} 25. Be7 {[%emt 0:02:07]} Nf6 {[%emt 0:00:08]} 26. Bc5 {[%emt 0:06:20]} Re8 {[%emt 0:06:36]} 27. Bf2 {[%emt 0:00:38]} Bxf2+ {[%emt 0:02:52]} 28. Rfxf2 {[%emt 0:00:15]} Qd7 {[%emt 0:06:52]} 29. g5 {[%emt 0:02:12]} Rxe2 {[%emt 0:00:58]} 30. Rxe2 {[%emt 0:05:56]} Ng8 {[%emt 0:00:08]} 31. Rf2 {[%emt 0:00:57]} Bh5 {[%emt 0:04:28]} 32. Na4 {[%emt 0:02:14]} b6 {[%emt 0:01:54]} 33. Nb2 {[%emt 0:00:18]} Re8 {[%emt 0:00:18]} 34. Nd3 {[%emt 0:01:17]} d4 {[%emt 0:02:46]} 35. Nf4 {[%emt 0:03:36]} Bf7 {[%emt 0:00:18]} 36. g6 {[%emt 0:00:07]} hxg6 {[%emt 0:00:55]} 37. fxg6 {[%emt 0:00:04]} Be6 {[%emt 0:01:02]} 38. Re2 {[%emt 0:00:44]} Bf5 {[%emt 0:00:33]} 39. Rxe8 {[%emt 0:04:30]} Qxe8 {[%emt 0:00:05]} 40. Qxd4 {[%emt 0:00:31]} Bxg6 {[%emt 0:00:15]} 41. Qe5 {[%emt 0:00:53]} Bf7 {[%emt 0:00:53]} 42. Nd3 {[%emt 0:02:33]} Nf6 {[%emt 0:00:40]} 43. Qxe8+ {[%emt 0:00:57]} Bxe8 {[%emt 0:00:04]} 44. b4 {[%emt 0:00:07]} Ng8 {[%emt 0:00:26]} 45. Kf2 {[%emt 0:00:17]} Ne7 {[%emt 0:00:09]} 46. Ke3 {[%emt 0:00:11]} Kg8 {[%emt 0:01:05]} 47. Kd4 {[%emt 0:00:20]} Kf7 {[%emt 0:00:50]} 48. Ke5 {[%emt 0:00:12]} Nc8 {[%emt 0:00:08]} 49. Nf4 {[%emt 0:01:18]} Bd7 {[%emt 0:00:50]} 50. c4 {[%emt 0:00:49]} g5 {[%emt 0:00:43]} 51. Ne2 {[%emt 0:00:29]} Be6 {[%emt 0:00:17]} 52. Kd4 {[%emt 0:01:23]} Nd6 {[%emt 0:00:35]} 53. c5 {[%emt 0:00:33]} Nf5+ {[%emt 0:00:13]} 54. Ke5 {[%emt 0:00:05]} bxc5 {[%emt 0:00:04]} 55. bxc5 {[%emt 0:00:08]} Ne3 {[%emt 0:00:50]} 56. Bxc6 {[%emt 0:00:05]} Bxa2 {[%emt 0:00:04]} 57. Bd7 {[%emt 0:00:58]} Ke7 {[%emt 0:00:43]} 58. c6 {[%emt 0:00:19]} Nc4+ {[%emt 0:00:17]} 59. Kd4 {[%emt 0:01:34]} Nb6 {[%emt 0:00:09]} 60. Nc3 {[%emt 0:00:09]} Bb3 {[%emt 0:01:20]} 61. Bg4 {[%emt 0:00:08]} Kd6 {[%emt 0:00:17]} 62. Bf3 {[%emt 0:00:12]} a6 {[%emt 0:00:32]} 63. Ne4+ {[%emt 0:01:07]} Kxc6 {[%emt 0:00:19]} 64. Nxg5+ {[%emt 0:00:10]} Bd5 {[%emt 0:00:46]} 65. h4 {[%emt 0:00:53]} Bxf3 {[%emt 0:00:13]} 66. Nxf3 {[%emt 0:00:03]} Kd6 {[%emt 0:00:14]} 67. h5 {[%emt 0:00:10]} Ke6 {[%emt 0:00:16]} 1/2-1/2

[Event "1st Cyprus Chess Tournament 2019"]
[Site "Larnaca"]
[Date "2019.10.27"]
[Round "3.2"]
[White "Cherkasov, Nikolai"]
[Black "Gleizerov, Evgeny"]
[Result "0-1"]
[WhiteElo "2338"]
[BlackElo "2512"]
[Annotator "ChessBase"]
[PlyCount "82"]
[EventDate "2019.10.25"]
[EventType "swiss"]
[EventCountry "CYP"]
[SourceTitle "playchess.com"]
[Source "ChessBase"]
[SourceQuality "1"]
[TimeControl "5400+30"]

1. e4 {[%emt 0:00:00]} e6 {[%emt 0:00:00]} 2. d3 {[%emt 0:02:18]} c5 {[%emt 0:00:00]} 3. Nf3 {[%emt 0:00:39]} Nc6 {[%emt 0:00:02]} 4. g3 {[%emt 0:00:44]} g6 {[%emt 0:00:30]} 5. Bg2 {[%emt 0:00:57]} Bg7 {[%emt 0:00:05]} 6. O-O {[%emt 0:02:38]} Nge7 {[%emt 0:00:20]} 7. c3 {[%emt 0:12:44]} e5 {[%emt 0:04:07]} 8. Be3 {[%emt 0:01:32]} d6 {[%emt 0:00:05]} 9. Qd2 {[%emt 0:03:28]} O-O {[%emt 0:06:18]} 10. Na3 {[%emt 0:02:44]} f5 {[%emt 0:12:22]} 11. Bh6 {[%emt 0:02:53]} f4 {[%emt 0:03:16]} 12. Bxg7 {[%emt 0:00:59]} Kxg7 {[%emt 0:00:02]} 13. d4 {[%emt 0:00:46]} cxd4 {[%emt 0:09:34]} 14. cxd4 {[%emt 0:00:11]} Bg4 {[%emt 0:01:23]} 15. Nc2 {[%emt 0:08:46]} Bxf3 {[%emt 0:04:10]} 16. Bxf3 {[%emt 0:00:10]} fxg3 {[%emt 0:00:09]} 17. fxg3 {[%emt 0:09:04]} Qb6 {[%emt 0:00:42]} 18. Kg2 {[%emt 0:02:51]} Nxd4 {[%emt 0:00:30]} 19. Nxd4 {[%emt 0:00:25]} exd4 {[%emt 0:00:40]} 20. Bg4 {[%emt 0:11:50]} Nc6 {[%emt 0:01:16]} 21. Be6 {[%emt 0:02:03]} Ne5 {[%emt 0:11:43]} 22. h3 {[%emt 0:04:59]} d3 {[%emt 0:06:20]} 23. Rf4 {[%emt 0:00:35]} Rae8 {[%emt 0:02:52]} 24. Bb3 {[%emt 0:04:08]} Qd4 {[%emt 0:06:17]} 25. Rc1 {[%emt 0:11:54]} Rc8 {[%emt 0:09:13]} 26. Rcf1 {[%emt 0:05:13]} Nc4 {[%emt 0:01:42]} 27. Bxc4 {[%emt 0:01:01]} Qxc4 {[%emt 0:02:35]} 28. R1f3 {[%emt 0:04:38]} Rxf4 {[%emt 0:02:37]} 29. Qxf4 {[%emt 0:00:42]} Qd4 {[%emt 0:06:54]} 30. Rf2 {[%emt 0:01:19]} Kh8 {[%emt 0:00:41]} 31. h4 {[%emt 0:00:28]} d5 {[%emt 0:03:53]} 32. e5 {[%emt 0:01:30]} Qe4+ {[%emt 0:01:32]} 33. Kh3 {[%emt 0:00:56]} Qxf4 {[%emt 0:00:32]} 34. gxf4 {[%emt 0:00:35]} Rc2 {[%emt 0:03:04]} 35. Rf3 {[%emt 0:00:09]} Rd2 {[%emt 0:00:18]} 36. Re3 {[%emt 0:01:13]} Kg7 {[%emt 0:00:12]} 37. Kg4 {[%emt 0:00:19]} h5+ {[%emt 0:00:56]} 38. Kf3 {[%emt 0:00:52]} Kf7 {[%emt 0:00:05]} 39. Re1 {[%emt 0:00:28]} Rxb2 {[%emt 0:00:17]} 40. Ke3 {[%emt 0:00:28]} d2 {[%emt 0:00:19]} 41. Ra1 {[%emt 0:00:36]} Rxa2 {[%emt 0:00:19]} 0-1

[Event "1st Cyprus Chess Tournament 2019"]
[Site "Larnaca"]
[Date "2019.10.27"]
[Round "3.3"]
[White "Kotronias, Vasilios"]
[Black "Terentiev, Sergei"]
[Result "1-0"]
[WhiteElo "2486"]
[BlackElo "2285"]
[Annotator "ChessBase"]
[PlyCount "81"]
[EventDate "2019.10.25"]
[EventType "swiss"]
[EventCountry "CYP"]
[SourceTitle "playchess.com"]
[Source "ChessBase"]
[SourceQuality "1"]
[TimeControl "5400+30"]

1. e4 {[%emt 0:00:00]} c5 {[%emt 0:00:00]} 2. Nf3 {[%emt 0:00:00]} e6 {[%emt 0:00:00]} 3. d4 {[%emt 0:00:09]} cxd4 {[%emt 0:00:00]} 4. Nxd4 {[%emt 0:00:06]} a6 {[%emt 0:00:03]} 5. c4 {[%emt 0:00:07]} Nf6 {[%emt 0:00:14]} 6. Nc3 {[%emt 0:00:07]} Bb4 {[%emt 0:00:18]} 7. Qd3 {[%emt 0:00:07]} Qc7 {[%emt 0:01:21]} 8. a3 {[%emt 0:07:44]} Be7 {[%emt 0:02:06]} 9. f4 {[%emt 0:01:04]} d6 {[%emt 0:04:03]} 10. Be2 {[%emt 0:00:12]} b6 {[%emt 0:01:22]} 11. O-O {[%emt 0:00:21]} Nbd7 {[%emt 0:00:25]} 12. b4 {[%emt 0:00:04]} Bb7 {[%emt 0:00:21]} 13. Bb2 {[%emt 0:00:18]} O-O {[%emt 0:00:11]} 14. Rac1 {[%emt 0:00:29]} Rfe8 {[%emt 0:02:03]} 15. g4 {[%emt 0:05:45]} h6 {[%emt 0:06:25]} 16. h4 {[%emt 0:03:27]} Nh7 {[%emt 0:06:25]} 17. g5 {[%emt 0:00:47]} Qd8 {[%emt 0:04:30]} 18. Qg3 {[%emt 0:31:58]} hxg5 {[%emt 0:05:05]} 19. fxg5 {[%emt 0:00:05]} g6 {[%emt 0:08:18]} 20. Nf3 {[%emt 0:07:00]} Bf8 {[%emt 0:19:49]} 21. Rcd1 {[%emt 0:00:06]} Qe7 {[%emt 0:00:39]} 22. e5 {[%emt 0:03:13]} dxe5 {[%emt 0:02:30]} 23. Nxe5 {[%emt 0:00:13]} Nxe5 {[%emt 0:00:08]} 24. Qxe5 {[%emt 0:00:05]} Bg7 {[%emt 0:02:27]} 25. Qxg7+ {[%emt 0:00:19]} Kxg7 {[%emt 0:00:07]} 26. Nd5+ {[%emt 0:00:06]} e5 {[%emt 0:00:34]} 27. Nxe7 {[%emt 0:00:06]} Rxe7 {[%emt 0:00:07]} 28. Rd6 {[%emt 0:00:12]} a5 {[%emt 0:05:41]} 29. b5 {[%emt 0:00:31]} Kf8 {[%emt 0:04:59]} 30. Rxg6 {[%emt 0:00:50]} Rd8 {[%emt 0:00:21]} 31. Bc3 {[%emt 0:00:24]} Be4 {[%emt 0:00:35]} 32. Rxb6 {[%emt 0:00:06]} Bd3 {[%emt 0:01:42]} 33. Rd1 {[%emt 0:02:42]} e4 {[%emt 0:00:21]} 34. Kf2 {[%emt 0:00:58]} Ke8 {[%emt 0:01:01]} 35. Ke3 {[%emt 0:00:45]} Rc8 {[%emt 0:02:49]} 36. Bg4 {[%emt 0:00:18]} Ra8 {[%emt 0:01:09]} 37. c5 {[%emt 0:00:29]} Nf8 {[%emt 0:00:42]} 38. c6 {[%emt 0:00:26]} Ne6 {[%emt 0:00:20]} 39. Bxe6 {[%emt 0:02:05]} Rxe6 {[%emt 0:01:21]} 40. h5 {[%emt 0:00:58]} Rd8 {[%emt 0:03:45]} 41. Bf6 {[%emt 0:01:26]} 1-0

[Event "1st Cyprus Chess Tournament 2019"]
[Site "Larnaca"]
[Date "2019.10.27"]
[Round "3.4"]
[White "Lornye, Pylyp"]
[Black "Tilicheev, Viacheslav"]
[Result "0-1"]
[WhiteElo "2284"]
[BlackElo "2478"]
[Annotator "ChessBase"]
[PlyCount "110"]
[EventDate "2019.10.25"]
[EventType "swiss"]
[EventCountry "CYP"]
[SourceTitle "playchess.com"]
[Source "ChessBase"]
[SourceQuality "1"]
[TimeControl "5400+30"]

1. Nf3 {[%emt 0:00:00]} e6 {[%emt 0:00:00]} 2. g3 {[%emt 0:00:52]} g5 {[%emt 0:00:00]} 3. h3 {[%emt 0:01:59]} d6 {[%emt 0:00:00]} 4. d4 {[%emt 0:00:39]} h6 {[%emt 0:00:00]} 5. Bg2 {[%emt 0:00:59]} Bg7 {[%emt 0:00:07]} 6. Nc3 {[%emt 0:02:30]} Ne7 {[%emt 0:00:14]} 7. e4 {[%emt 0:05:16]} a6 {[%emt 0:01:56]} 8. a4 {[%emt 0:03:17]} d5 {[%emt 0:05:24]} 9. O-O {[%emt 0:05:48]} Nbc6 {[%emt 0:00:34]} 10. e5 {[%emt 0:05:18]} Ng6 {[%emt 0:00:18]} 11. Ne2 {[%emt 0:04:09]} O-O {[%emt 0:00:49]} 12. c3 {[%emt 0:02:32]} f6 {[%emt 0:02:11]} 13. exf6 {[%emt 0:02:05]} Qxf6 {[%emt 0:00:33]} 14. Nh2 {[%emt 0:01:53]} e5 {[%emt 0:08:10]} 15. dxe5 {[%emt 0:06:00]} Ncxe5 {[%emt 0:00:14]} 16. f4 {[%emt 0:03:44]} gxf4 {[%emt 0:01:59]} 17. Nxf4 {[%emt 0:04:06]} Nxf4 {[%emt 0:01:38]} 18. Bxf4 {[%emt 0:07:21]} c6 {[%emt 0:03:14]} 19. Bxe5 {[%emt 0:22:06]} Qxe5 {[%emt 0:00:12]} 20. Rxf8+ {[%emt 0:00:01]} Bxf8 {[%emt 0:00:40]} 21. Qf3 {[%emt 0:00:20]} Qf5 {[%emt 0:05:42]} 22. Qe2 {[%emt 0:05:34]} Qg5 {[%emt 0:03:08]} 23. Rf1 {[%emt 0:02:57]} Qxg3 {[%emt 0:01:12]} 24. Qh5 {[%emt 0:03:17]} Qg7 {[%emt 0:02:59]} 25. Kh1 {[%emt 0:00:38]} Be6 {[%emt 0:01:02]} 26. Bf3 {[%emt 0:00:34]} Qf7 {[%emt 0:08:59]} 27. Rg1+ {[%emt 0:02:03]} Kh7 {[%emt 0:00:44]} 28. Qe5 {[%emt 0:00:58]} Bf5 {[%emt 0:06:32]} 29. Bh5 {[%emt 0:03:14]} Bd6 {[%emt 0:02:41]} 30. Qxd6 {[%emt 0:03:50]} Be4+ {[%emt 0:00:12]} 31. Nf3 {[%emt 0:00:06]} Bxf3+ {[%emt 0:00:09]} 32. Bxf3 {[%emt 0:00:05]} Qxf3+ {[%emt 0:00:04]} 33. Kh2 {[%emt 0:00:37]} Qf7 {[%emt 0:00:04]} 34. Rg2 {[%emt 0:01:21]} Re8 {[%emt 0:04:19]} 35. a5 {[%emt 0:00:08]} Re3 {[%emt 0:02:21]} 36. Qb8 {[%emt 0:00:50]} h5 {[%emt 0:05:02]} 37. Qd6 {[%emt 0:00:36]} h4 {[%emt 0:00:17]} 38. Qb8 {[%emt 0:00:32]} Re8 {[%emt 0:00:41]} 39. Qd6 {[%emt 0:00:23]} Re4 {[%emt 0:05:19]} 40. b4 {[%emt 0:00:42]} Qf4+ {[%emt 0:01:14]} 41. Qxf4 {[%emt 0:00:05]} Rxf4 {[%emt 0:00:06]} 42. Re2 {[%emt 0:00:05]} Re4 {[%emt 0:00:22]} 43. Rf2 {[%emt 0:00:08]} Kg6 {[%emt 0:00:25]} 44. Kg2 {[%emt 0:01:09]} Re3 {[%emt 0:05:42]} 45. Rf3 {[%emt 0:00:55]} Rxf3 {[%emt 0:00:32]} 46. Kxf3 {[%emt 0:00:04]} Kf5 {[%emt 0:00:02]} 47. Ke3 {[%emt 0:00:13]} Ke5 {[%emt 0:00:03]} 48. Kd3 {[%emt 0:00:08]} Kf4 {[%emt 0:00:49]} 49. Kd4 {[%emt 0:01:22]} Kg3 {[%emt 0:00:05]} 50. Kc5 {[%emt 0:00:12]} Kxh3 {[%emt 0:00:06]} 51. Kb6 {[%emt 0:00:03]} Kg4 {[%emt 0:00:16]} 52. Kxb7 {[%emt 0:00:13]} h3 {[%emt 0:00:32]} 53. Kxa6 {[%emt 0:00:12]} h2 {[%emt 0:00:06]} 54. Kb6 {[%emt 0:00:06]} h1=Q {[%emt 0:00:12]} 55. a6 {[%emt 0:00:02]} Qf1 {[%emt 0:00:48]} 0-1